CAP reform opportunities (Record no. 118319)
[ view plain ]
| 000 -LEADER | |
|---|---|
| fixed length control field | 01031cam a2200205 4500 |
| 001 - CONTROL NUMBER | |
| control field | WB@3612-770 |
| 008 - FIXED-LENGTH DATA ELEMENTS--GENERAL INFORMATION | |
| fixed length control field | 041117n2004 000 0 eng u |
| 035 ## - SYSTEM CONTROL NUMBER | |
| System control number | (Sirsi) u128012 |
| 245 ## - TITLE STATEMENT | |
| Title | CAP reform opportunities |
| 260 ## - PUBLICATION, DISTRIBUTION, ETC. | |
| Date of publication, distribution, etc. | 2004 |
| 490 ## - SERIES STATEMENT | |
| Series statement | DEFRA News Release |
| Volume/sequential designation | (459/04) 15 November 2004 (2) |
| 520 ## - SUMMARY, ETC. | |
| Summary, etc. | New guidance to help tenant farmers and landlords make the most of opportunities under CAP reform has been published by the Tenancy Reform Industry Group. It has been drawn up to help tenants and landlords reach agreement about the handling of the Single Payment within existing tenancy arrangements - particularly what should happen to entitlement to the Single Payment at the end of the tenancy. The guidance is available at: http://www.defra.gov.uk/farm/capreform/pubs/index. htm#tenlord. http://www.defra.gov.uk/news/2004/041115b.htm |
| 590 ## - LOCAL NOTE (RLIN) | |
| Local note | WB |
| 590 ## - LOCAL NOTE (RLIN) | |
| Local note | WB |
| 650 ## - SUBJECT ADDED ENTRY--TOPICAL TERM | |
| Topical term or geographic name entry element | CAP REFORM |
| 650 ## - SUBJECT ADDED ENTRY--TOPICAL TERM | |
| Topical term or geographic name entry element | SINGLE FARM PAYMENTS |
| 650 ## - SUBJECT ADDED ENTRY--TOPICAL TERM | |
| Topical term or geographic name entry element | TENANCY AGREEMENTS |
| 690 ## - LOCAL SUBJECT ADDED ENTRY--TOPICAL TERM (OCLC, RLIN) | |
| Topical term or geographic name as entry element | RURAL |
| 9 (RLIN) | 6268 |
| 942 ## - ADDED ENTRY ELEMENTS (KOHA) | |
| Suppress in OPAC | 0 |
| Withdrawn status | Lost status | Source of classification or shelving scheme | Damaged status | Not for loan | Home library | Current library | Shelving location | Date acquired | Total Checkouts | Full call number | Barcode | Date last seen | Copy number | Price effective from | Koha item type |
|---|---|---|---|---|---|---|---|---|---|---|---|---|---|---|---|
| Dewey Decimal Classification | London | London | News article | 17/11/2004 | WB4044-19 | 128012-1001 | 06/08/2019 | 1 | 06/08/2019 | News article |